000 00575cam a22002411 4500
001 sa 66000803
003 DLC
005 20260227112217.0
008 940602s1965 pk 000 1 urdo
010 _asa 66000803
025 _aPL480:P-U-1348
035 _a(OCoLC)30538164
040 _aDLC
_cCU
_dCU
_dDLC
042 _apremarc
050 0 0 _aPK2200.C5
_bD33
100 1 _aChandar, Krishan.
245 1 0 _aDasvān̲ pul.
260 _c[1965]
300 _a175 p.
_c18 cm.
500 _aIn Urdu.
500 _aText partially vocalized.
500 _aShort stories.
999 _c67413
_d67413